000
00204 a2200097 4500
001
12037
100
_a
Sahafat, S.
245
_a
Life of Maulana M Ali
260
_a
_b
Edu society
_c
090
_c
9289
_d
9289
942
_a
NUST-CAE
_c
M
_c
36143
999
_c
247110
_d
247110